00229nam a2200097Ia 4500100002800000650001200028245003400040260003300074082001200107546001200119 aKanetkar/T.P/ Kulkarni  aGeneral aSurveying & Levelling part 1 bA.V.G PrakashanaPoonac2001 a624.104 aENGLISH